| 000 | 00542 a2200169 4500 | ||
|---|---|---|---|
| 001 | 066150 | ||
| 003 | OSt | ||
| 005 | 20210915104342.0 | ||
| 008 | |||
| 082 |
_a519.2 _bL26A |
||
| 100 | 1 | _aLange,Kenneth | |
| 245 | 1 |
_aApplied probability _cby Kenneth Large |
|
| 260 |
_aNew York _bSpringer _c2008 |
||
| 300 | _a307p. | ||
| 690 | _aProbabilities; Stochastic processes; Statistics; Mathematical statistics; Biomathematics; Computer science; Computer science--Mathematics; Computer simulation | ||
| 942 |
_2ddc _cBK |
||
| 999 |
_c335 _d335 |
||